000 00425nam a22001697a 4500
005 20160617163500.0
008 160617b xxu||||| |||| 00| 0 eng d
020 _a81-7929051-4
041 _aeng
082 _b8035
100 _aHill, Nigel and Alexander, Jim
_92150
245 _aMeasuring Customer Satisfaction and loyalty
260 _bInfinity Book
_c2003
300 _a268
650 _aManagement
_9241
942 _cBK
999 _c3004
_d3003